Estadísticas para Países con posiciones intercambiadas #2

Haz click aquí para intentar la prueba.

Estadísticas generales

  • Esta prueba ha sido intentada 24 veces
  • La puntuación promedio es 7 de 10

Respuestas en el mapa

Las respuestas están codificadas por una escala verde-roja en el mapa de la prueba según el % correcto abajo.
 

Estadísticas de respuestas

paísintercambio% Correcto
GreciaBangladés
86%
BangladésGrecia
82%
NicaraguaAzerbaiyán
82%
GabónEcuador
77%
UgandaCorea del Norte
77%
AzerbaiyánNicaragua
73%
Corea del NorteUganda
68%
EcuadorGabón
68%
ChipreJamaica
41%
JamaicaChipre
32%

Distribución de puntuación

Porcentaje por número respondido

Porcentaje de gente con cada puntuación

Historial de tus puntuaciones

No has intentado esta prueba.